000 00342nam a2200133Ia 4500
005 20251222141914.0
008 251222s9999||||xx |||||||||||||| ||spa||
020 _a84-96477-14-2
082 _a657.42/P86
100 _aPrieto Moreno, Begoña
245 0 _aContabilidad de Costes y de Gestíon:
264 _bDelta Publicaciones
942 _cLIB
999 _c8496
_d8496